MARC

LEADER 00000nas a2200000 a 4500
001 ssj0010426
003 WaSeSS
005 20200512172242.0
006 m d
007 cr n
008 050614c19869999ohufx pssg 0 0eng c
010 |a  2007228701 
022 |y 1044-6419 
035 |a (WaSeSS)ssj0010426 
040 |a OCLCS  |b eng  |c OCLCS  |d DOS  |d PFM  |d UV$  |d AAA  |d FQM  |d OCLCQ  |d OCLCF  |d OCLCO  |d CHVBK  |d OCLCO  |d OCLCQ  |d OCLCO  |d OCLCQ  |d CUS  |d CSFLA  |d Z5A  |d AU@  |d OCLCO  |d XFH  |d WT2  |d OCLCQ  |d OCLCO  |d OCLCA  |d BUF  |d UUM  |d OCLCO  |d CRU  |d MOW  |d OCLCQ  |d OCLCO  |d WYU  |d OCLCO  |d U3W  |d OCLCO  |d OCLCA  |d VT2  |d OCLCO  |d OCLCQ  |d OCLCO  |d OCLCA  |d SFB  |d WaSeSS 
042 |a pcc 
043 |a n-us--- 
050 4 |a K10  |b .O87327 
060 0 0 |a W 32.5 AA1  |b JO738 
082 0 4 |a 344.73/041/05  |a 347.3044105  |2 19 
130 0 |a Journal of law and health (Online) 
245 1 0 |a Journal of law and health  |h [electronic resource]. 
260 |a [Cleveland, Ohio] :  |b [Students at Cleveland-Marshall College of Law, Cleveland State University] 
310 |a Two no. a year 
362 1 |a Began with vol. 1, no. 1 (1985/86). 
506 |a License restrictions may limit access. 
538 |a Mode of access: World Wide Web. 
588 0 |a First issue; title from v. title page (Hein Online, viewed Oct. 10, 2007). 
588 1 |a [Vol. 20, no. 2 (2006/07)] (viewed Oct. 10, 2007). 
650 0 |a Medical laws and legislation  |z United States  |v Periodicals. 
650 0 |a Medical jurisprudence  |z United States  |v Periodicals. 
650 2 |a Jurisprudence. 
650 2 |a Legislation, Medical. 
650 6 |a Médecine  |x Droit  |z États-Unis  |v Périodiques. 
650 6 |a Médecine légale  |z États-Unis  |v Périodiques. 
650 7 |a Medical Law.  |2 ebps 
650 7 |a Medical jurisprudence.  |2 fast  |0 (OCoLC)fst01014258 
650 7 |a Medical laws and legislation.  |2 fast  |0 (OCoLC)fst01014309 
650 1 7 |a Gezondheidsrecht.  |2 gtt 
651 2 |a United States. 
651 7 |a United States.  |2 fast  |0 (OCoLC)fst01204155 
655 0 |a Electronic journals. 
710 2 |a Cleveland-Marshall College of Law. 
776 0 8 |i Print version, 1985-2005:  |t Journal of law and health  |x 1044-6419  |w (DLC) 87640775  |w (OCoLC)12489576 
856 4 0 |z Full text available from Research Library: 01/01/2012 to present  |u https://search.proquest.com/publication/1356367